书目信息 |
| 题名: |
唱儿歌 学英语
|
|
| 作者: | ;费斯 译 ;韩国杰优出版有限公司 编 | |
| 分册: | ||
| 出版信息: | 上海 上海音乐出版社 2003 |
|
| 页数: | 63页 | |
| 开本: | 21cm | |
| 丛书名: | ||
| 单 册: | ||
| 中图分类: | I287.2 , J652.6 | |
| 科图分类: | ||
| 主题词: | 英语--语言读物 , 儿歌--中国--当代--选集 , 外国音乐--作品 , 音乐--各国--作品 | |
| 电子资源: | ||
| ISBN: | 7-80667-389-X | |
| 000 | 01061nam0 2200313 450 | |
| 001 | 1533475464 | |
| 005 | 20150131091823.73 | |
| 010 | @a7-80667-389-X@dCNY28.00 | |
| 100 | @a20040319d2003 bcdy0chiy0110 ea | |
| 101 | 1 | @achi@aeng@ckor |
| 102 | @aCN@b310000 | |
| 105 | @aa z 000gy | |
| 200 | 1 | @a唱儿歌 学英语@9chang er ge xue ying yu@e外国流行英语儿歌30首@Ewai guo liu xing ying yu er ge 30 shou@f韩国杰优出版有限公司编@g费斯译 |
| 210 | @a上海@c上海音乐出版社@d2003 | |
| 215 | @a63页@c图@d21cm@e附光盘1片(ISRC CN-R12-03-425-00) | |
| 300 | @a其它题名:外国流行英语儿歌30首 | |
| 517 | 1 | @a外国流行英语儿歌30首@9wai guo liu xing ying yu er ge 30 shou |
| 606 | 0 | @a英语@j语言读物 |
| 606 | 0 | @a儿歌@y中国@z当代@j选集 |
| 606 | 0 | @a外国音乐@x作品 |
| 606 | 0 | @a音乐@y各国@x作品 |
| 686 | @aH31-48 | |
| 686 | @aI822.27 | |
| 690 | @aI287.2@v5 | |
| 690 | @aJ652.6@v4 | |
| 702 | 0 | @a费斯@9fei si@4译 |
| 711 | 02 | @a韩国杰优出版有限公司@9han guo jie you chu ban you xian gong si@4编 |
| 801 | 0 | @aCN@bTSSF@c20150131 |
| 905 | @aZUCC@dJ652.6@eJY15 | |
| 唱儿歌 学英语:外国流行英语儿歌30首/韩国杰优出版有限公司编/费斯译.-上海:上海音乐出版社,2003 |
| 63页:图;21cm+附光盘1片(ISRC CN-R12-03-425-00) |
| 其它题名:外国流行英语儿歌30首 |
| ISBN 7-80667-389-X:CNY28.00 |
| ● |
| 相关链接 |
|
|
|
|
正题名:唱儿歌 学英语
索取号:J652.6/JY15
 
预约/预借
| 序号 | 登录号 | 条形码 | 馆藏地/架位号 | 状态 | 备注 |
| 1 | 7862342 | 278623429 | 学院路分馆/ [索取号:J652.6/JY15] | 在馆 |